000 01151cam a2200325 a 4500
001 11810595
003 OSt
005 20230620135820.0
008 990917s1999 sz b 000 0 eng d
010 _a 99515255
020 _a9291420204
035 _a(OCoLC)ocm42388080
040 _aGUB
_cGUB
_dDLC
041 0 _aengfre
042 _alccopycat
082 _a323.24
245 0 0 _aWomen in politics :
_bworld bibliography = Femmes en politique : bibliographie mondiale.
246 3 1 _aFemmes en politique : bibliographie mondiale.
260 _aGeneva :
_bInter-Parliamentary Union,
_c1999.
300 _aiii, 418 p. ;
_c32 cm.
490 1 _aSeries "Reports and documents" ;
_vno. 32 =
_aSérie "Rapports et documents ;
_vno 32
500 _a"January 1999."--Cover, p. 3.
546 _aEnglish and French.
650 0 _aWomen
_xPolitical activity
_vBibliography.
710 2 _aInter-parliamentary Union.
830 0 _aSeries "Reports and documents" ;
_vno. 32.
906 _a7
_bcbc
_ccopycat
_d3
_encip
_f19
_gy-gencatlg
942 _2ddc
_cBK
999 _c1748
_d1748